TEXBOOK OF PHARMACEUTICAL BIOLOGY (Record no. 7057)

MARC details
000 -LEADER
fixed length control field 00332nam a2200145Ia 4500
008 - FIXED-LENGTH DATA ELEMENTS--GENERAL INFORMATION
fixed length control field 150301s2015 xx 000 0 und d
082 ## - DEWEY DECIMAL CLASSIFICATION NUMBER
Classification number 574
Item number P15S
100 ## - MAIN ENTRY--PERSONAL NAME
Personal name SARDANA, S
245 ## - TITLE STATEMENT
Title TEXBOOK OF PHARMACEUTICAL BIOLOGY
250 ## - EDITION STATEMENT
Edition statement 5TH
260 ## - PUBLICATION, DISTRIBUTION, ETC. (IMPRINT)
Name of publisher, distributor, etc. BIRLA PUBLISHER
300 ## - PHYSICAL DESCRIPTION
Extent 260
650 ## - SUBJECT ADDED ENTRY--TOPICAL TERM
Topical term or geographic name as entry element BIOLOGY
942 ## - ADDED ENTRY ELEMENTS (KOHA)
Source of classification or shelving scheme Dewey Decimal Classification
Koha item type Books
Koha issues (borrowed), all copies 8
Holdings
Withdrawn status Lost status Source of classification or shelving scheme Damaged status Not for loan Collection code Home library Current library Date acquired Source of acquisition Cost, normal purchase price SGTU Bill Number Total Checkouts Full call number Barcode Date last seen Date last checked out Bill Date Koha item type Shelving location
    Dewey Decimal Classification     PHARMACY SGT FA-FP Library SGT FA-FP Library 02/07/2015 ABC DELHI 290.00 SGTU 492 12 574 P15S FP96 16/12/2016 03/12/2016 24/11/2014 Books  
    Dewey Decimal Classification     PHARMACY SGT FA-FP Library SGT FA-FP Library 02/07/2015 ABC DELHI 290.00 SGTU 492 11 574 P15S FP97 21/05/2019 15/12/2016 24/11/2014 Books  
    Dewey Decimal Classification     PHARMACY SGT FA-FP Library SGT FA-FP Library 02/07/2015 ABC DELHI 290.00 SGTU 492 15 574 P15S FP98 29/09/2023 22/09/2023 24/11/2014 Books  
    Dewey Decimal Classification     PHARMACY SGT FA-FP Library SGT FA-FP Library 02/07/2015 ABC DELHI 290.00 SGTU 492 17 574 P15S FP99 15/12/2016 06/12/2016 24/11/2014 Books  
    Dewey Decimal Classification     PHARMACY SGT FA-FP Library SGT FA-FP Library 02/07/2015 ABC DELHI 290.00 SGTU 492 8 574 P15S FP100 04/01/2016 28/12/2015 24/11/2014 Books  
    Dewey Decimal Classification     PHARMACY SGT FA-FP Library SGT FA-FP Library 02/07/2015 ABC DELHI 290.00 SGTU 492 21 574 P15S FP101 06/04/2017 21/01/2017 24/11/2014 Books  
    Dewey Decimal Classification     PHARMACY SGT FA-FP Library SGT FA-FP Library 02/07/2015 ABC DELHI 290.00 SGTU 492 9 574 P15S FP102 19/12/2016 28/11/2016 24/11/2014 Books  
    Dewey Decimal Classification     PHARMACY SGT FA-FP Library SGT FA-FP Library 02/07/2015 ABC DELHI 290.00 SGTU 492 23 574 P15S FP103 16/12/2016 26/11/2016 24/11/2014 Books  
    Dewey Decimal Classification     PHARMACY SGT FA-FP Library SGT FA-FP Library 02/07/2015 ABC DELHI 290.00 SGTU 492 24 574 P15S FP104 24/12/2016 19/12/2016 24/11/2014 Books  
    Dewey Decimal Classification     PHARMACY SGT FA-FP Library SGT FA-FP Library 02/07/2015 ABC DELHI 290.00 SGTU 492 7 574 P15S FP105 04/10/2016 28/09/2016 24/11/2014 Books Reference Book